[Event "Tournoi Skype 018B"]
[Site "Skype"]
[Date "????.??.??"]
[Round "4.13"]
[White "Sommadossi, Roberto"]
[Black "Felippe E Silva, Glenda"]
[Result "1/2-1/2"]
[WhiteElo "1378"]
[BlackElo "1269"]
[PlyCount "83"]

1. e4 c6 2. d4 d5 3. e5 Bf5 4. Nf3 e6 5. Be2 Nd7 6. Nbd2 Be7 7. O-O Nh6 8. c4
O-O 9. Nb3 f6 10. cxd5 cxd5 11. Nh4 fxe5 12. Nxf5 Nxf5 13. Bg4 Qb6 14. dxe5
Nxe5 15. Bxf5 Rxf5 16. Be3 Qc7 17. Nd4 Rf6 18. Bg5 Rf7 19. Nxe6 Qd6 20. Bxe7
Rxe7 21. Nd4 Qg6 22. f4 Ng4 23. f5 Qg5 24. Qb3 Qe3+ 25. Qxe3 Nxe3 26. Rf3 Rf8
27. Re1 Nxf5 28. Rxe7 Nxe7 29. Rxf8+ Kxf8 30. Ne6+ Kf7 31. Nd8+ Kg6 32. Nxb7 d4
33. Kf2 Kf5 34. Nd6+ Ke5 35. Nb5 Nc6 36. Ke2 Ke4 37. Nd6+ Kd5 38. Nf5 Ke4 39.
Nxg7 d3+ 40. Kd2 Ne5 41. Ne6 Nc4+ 42. Kc3 1/2-1/2

[Event "Tournoi Skype 018B"]
[Site "Skype"]
[Date "????.??.??"]
[Round "4.15"]
[White "Bhandari, Dattatrey"]
[Black "De Coninck, Philippe"]
[Result "0-1"]
[WhiteElo "1218"]
[BlackElo "1461"]
[PlyCount "78"]

1. e4 e5 2. Nf3 Nf6 3. d3 Bc5 4. Bg5 O-O 5. c3 Nc6 6. Qd2 Be7 7. Be2 d5 8. Qc2
h6 9. Bd2 dxe4 10. dxe4 Bg4 11. O-O Bh5 12. Rd1 Bd6 13. Be3 Bg6 14. Nbd2 Ng4
15. Bxh6 Nxh6 16. b4 a6 17. Nc4 f5 18. Nfxe5 Nxe5 19. Nxe5 Qf6 20. Bc4+ Kh7 21.
Nd7 Qh4 22. g3 Qxe4 23. Qxe4 fxe4 24. Nxf8+ Rxf8 25. Bd5 Be5 26. Rac1 c6 27.
Bb3 Ng4 28. Rf1 Rf3 29. h3 Nh6 30. Bd1 Rd3 31. c4 Nf5 32. Kh2 Rd2 33. Kg2 Ne3+
34. Kg1 Nxf1 35. Kxf1 Bd4 36. Be2 Rxa2 37. Rd1 Bc3 38. Rd6 Bxb4 39. Rxg6 Kxg6
0-1

[Event "Tournoi Skype 018B"]
[Site "Skype"]
[Date "????.??.??"]
[Round "4.16"]
[White "Lecluyse, Koenraad"]
[Black "Codina, Teresa"]
[Result "1-0"]
[WhiteElo "1265"]
[BlackElo "1310"]
[PlyCount "69"]

1. d4 Nf6 2. Nf3 e6 3. Bg5 d5 4. e3 b6 5. Bd3 Nbd7 6. O-O Be7 7. c3 O-O 8. Nbd2
Bb7 9. Re1 h6 10. Bxf6 Nxf6 11. e4 dxe4 12. Nxe4 Nxe4 13. Bxe4 Rb8 14. a3 a5
15. b4 axb4 16. axb4 b5 17. Bc2 Bf6 18. Qd3 g6 19. Qe3 Re8 20. h3 Bg7 21. Nh2
Qd5 22. f3 Rbd8 23. Be4 Qg5 24. Bxb7 Rb8 25. Qe4 Re7 26. Bc6 h5 27. f4 f5 28.
Qe3 Qf6 29. Nf3 Rb6 30. Ba8 c6 31. Ne5 Re8 32. Nxc6 Rc8 33. Ne5 Rbb8 34. Bc6
Kh7 35. Nd7 1-0

[Event "Tournoi Skype 018B"]
[Site "Skype"]
[Date "????.??.??"]
[Round "4.17"]
[White "Rajpurohit, Dinesh"]
[Black "Moumtaz, Abderrahim"]
[Result "1-0"]
[WhiteElo "1520"]
[BlackElo "1219"]
[PlyCount "51"]

1. c4 e5 2. g3 d5 3. Bg2 Nf6 4. cxd5 Nxd5 5. Nf3 Nc6 6. O-O Be7 7. b3 O-O 8.
Bb2 Nf6 9. Nxe5 Nxe5 10. Bxe5 Bc5 11. d4 Bb6 12. Nc3 Re8 13. Qc2 Ng4 14. Rad1
g6 15. Nd5 Bf5 16. e4 Be6 17. Nxb6 axb6 18. d5 Bc8 19. Bxc7 Qf6 20. d6 Ne5 21.
f4 Nc6 22. d7 Bxd7 23. Rxd7 Rac8 24. e5 Qe6 25. Bxc6 bxc6 26. Rfd1 1-0

[Event "Tournoi Skype 018B"]
[Site "Skype"]
[Date "????.??.??"]
[Round "4.18"]
[White "Bouffard, Georges"]
[Black "Maccaferri, Massimo"]
[Result "1-0"]
[WhiteElo "1183"]
[BlackElo "1350"]
[PlyCount "91"]

1. e4 e5 2. Nf3 d6 3. Bb5+ Bd7 4. Bc4 Bg4 5. d3 Nc6 6. c3 Nf6 7. Bg5 h6 8. Bh4
g5 9. Bg3 d5 10. exd5 Nxd5 11. Nxe5 Bxd1 12. Kxd1 Nxe5 13. Re1 Be7 14. Rxe5 Rg8
15. Bxd5 Qxd5 16. Rxd5 c6 17. Rf5 Rd8 18. Kc2 g4 19. Bc7 Rc8 20. Ba5 Bh4 21.
Re5+ Be7 22. Nd2 f6 23. Re3 b6 24. Bb4 c5 25. Ba3 Kf7 26. c4 f5 27. Rae1 Bh4
28. g3 Bg5 29. Re5 f4 30. Rf5+ Kg6 31. Rd5 fxg3 32. Re6+ Kh5 33. hxg3 Rcf8 34.
Ne4 Rf7 35. b4 Rgf8 36. Bc1 Rxf2+ 37. Nxf2 Rxf2+ 38. Kb1 Rf1 39. Kb2 cxb4 40.
Bxg5 hxg5 41. Ree5 Kh6 42. Rxg5 Rf2+ 43. Kb3 Rf3 44. Rh5+ Kg6 45. Rhg5+ Kf6 46.
Rxg4 1-0

[Event "Tournoi Skype 018B"]
[Site "Skype"]
[Date "????.??.??"]
[Round "4.19"]
[White "Farthouat, Catherine"]
[Black "Cengiz, Cem"]
[Result "0-1"]
[WhiteElo "1150"]
[BlackElo "1325"]
[PlyCount "46"]

1. c4 e5 2. d3 Nf6 3. Nf3 Nc6 4. g3 Bc5 5. e3 O-O 6. a3 a6 7. Bg2 d6 8. O-O Bg4
9. Nbd2 Re8 10. b3 d5 11. Bb2 e4 12. Nxe4 dxe4 13. dxe4 Nxe4 14. Qc2 Bxf3 15.
Bxf3 Nd2 16. Rfd1 Nxf3+ 17. Kf1 Qg5 18. Qe2 Nxh2+ 19. Kg2 Ng4 20. Rd2 Rad8 21.
Rad1 Rxd2 22. Rxd2 Qh5 23. Rd7 Nxe3+ 0-1

[Event "Tournoi Skype 018B"]
[Site "Skype"]
[Date "????.??.??"]
[Round "4.20"]
[White "Lequeux, Pierre"]
[Black "Vervoort, Jean-Louis"]
[Result "0-1"]
[WhiteElo "1133"]
[BlackElo "1273"]
[PlyCount "90"]

1. Nf3 Nf6 2. e3 d5 3. d4 e6 4. a3 c5 5. c3 Nc6 6. Bb5 Bd7 7. Bxc6 Bxc6 8. O-O
Bd6 9. Ne5 Bxe5 10. dxe5 Nd7 11. Qg4 O-O 12. f4 Qb6 13. Qe2 c4 14. Qe1 f6 15.
exf6 Rxf6 16. Kh1 Raf8 17. Nd2 R8f7 18. Nf3 h6 19. Rb1 Qd8 20. b3 Bb5 21. Rf2
b6 22. bxc4 Bxc4 23. Nd2 Ba6 24. Bb2 Rf5 25. g4 R5f6 26. c4 Rg6 27. Rg2 Nf6 28.
Bxf6 Rgxf6 29. Rg3 Qf8 30. cxd5 exd5 31. Rd1 Bb7 32. Nf3 Qxa3 33. Ra1 Qf8 34.
Rxa7 d4 35. e4 d3 36. Ra2 Rxf4 37. Rf2 Bxe4 38. Kg2 Bxf3+ 39. Rgxf3 Rxf3 40.
Rxf3 Rxf3 41. Qd1 Rf2+ 42. Kg1 Re2 43. Qb3+ Kh8 44. Qxd3 Qf2+ 45. Kh1 Qf1# 0-1

[Event "Tournoi Skype 018B"]
[Site "Skype"]
[Date "????.??.??"]
[Round "4.21"]
[White "Gagnon, Sindy"]
[Black "Gerbaux, Regis"]
[Result "0-1"]
[WhiteElo "1016"]
[BlackElo "1268"]
[PlyCount "44"]

1. e4 c5 2. Nc3 a6 3. Be2 Nf6 4. d3 e6 5. Nf3 Bd6 6. h3 O-O 7. O-O b6 8. e5 Be7
9. exf6 Bxf6 10. Bd2 Re8 11. Na4 Nc6 12. Bf4 d5 13. c4 Bb7 14. Rb1 a5 15. a3 e5
16. Bd2 dxc4 17. dxc4 e4 18. Ne1 Nd4 19. Bg4 Qd6 20. g3 Qc6 21. b4 e3 22. Bxe3
Qh1# 0-1

[Event "Tournoi Skype 018B"]
[Site "Skype"]
[Date "????.??.??"]
[Round "4.22"]
[White "Guillaume, Mickael"]
[Black "Kruk, Clementine"]
[Result "0-1"]
[WhiteElo "1102"]
[BlackElo "1264"]
[PlyCount "82"]

1. d4 d5 2. e3 Nc6 3. Nf3 Nf6 4. c4 Bg4 5. Be2 e6 6. h3 Bf5 7. Bd3 Bb4+ 8. Nc3
Be4 9. Qe2 Qd6 10. a3 Ba5 11. Bd2 e5 12. c5 Qe6 13. b4 Qf5 14. Nh4 Bxd3 15.
Nxf5 Bxe2 16. Kxe2 exd4 17. exd4 g6 18. Ng7+ Kf8 19. Ne6+ fxe6 20. f3 Nxd4+ 21.
Kf2 c6 22. bxa5 Nb3 23. Rad1 Nxd2 24. Rxd2 Nd7 25. Na4 Rb8 26. Rb1 b5 27. axb6
axb6 28. Nxb6 Nxc5 29. Nd7+ Nxd7 30. Rxb8+ Nxb8 31. a4 Kf7 32. a5 Na6 33. Rb2
Rb8 34. Rc2 c5 35. Ke3 e5 36. g4 Rb3+ 37. Kd2 Rxf3 38. h4 Rf2+ 39. Kc3 d4+ 40.
Kb2 Rxc2+ 41. Kxc2 c4 0-1

[Event "Tournoi Skype 018B"]
[Site "Skype"]
[Date "????.??.??"]
[Round "4.23"]
[White "Bustos, Ricardo"]
[Black "Martin, Elise"]
[Result "1-0"]
[WhiteElo "1240"]
[BlackElo "1107"]
[PlyCount "89"]

1. d4 d5 2. c4 Nf6 3. Nc3 Be6 4. Nf3 Bg4 5. e3 e6 6. Be2 Bb4 7. O-O O-O 8. cxd5
exd5 9. Qc2 Qd7 10. Ne5 Qe6 11. Bxg4 Nxg4 12. Nxg4 Qxg4 13. Nxd5 Bd6 14. h3 Qh4
15. e4 Nd7 16. a3 Rfe8 17. Re1 Re6 18. Nc3 Rf6 19. e5 Qxf2+ 20. Qxf2 Rxf2 21.
Kxf2 Be7 22. Nd5 Bh4+ 23. g3 Bd8 24. Nc3 h6 25. d5 Be7 26. e6 Bc5+ 27. Kg2 Ne5
28. Rxe5 f6 29. Re2 Rd8 30. b4 Bd4 31. Bb2 Kh7 32. e7 Re8 33. Re4 Bb6 34. Na4
g5 35. Bxf6 Kg6 36. Nxb6 axb6 37. Bd4 Kh5 38. d6 cxd6 39. Bxb6 d5 40. Re5 Kg6
41. Rd1 h5 42. Rdxd5 h4 43. Rd8 Rxd8 44. exd8=Q Kh5 45. g4+ 1-0

[Event "Tournoi Skype 018B"]
[Site "Skype"]
[Date "????.??.??"]
[Round "4.24"]
[White "Erten, Ozlem"]
[Black "Gieschen, Mike"]
[Result "1/2-1/2"]
[WhiteElo "1000"]
[BlackElo "1235"]
[PlyCount "60"]

1. e4 e5 2. Nf3 d6 3. Nc3 Nf6 4. d3 b6 5. Be2 Bb7 6. Bg5 Be7 7. Bxf6 Bxf6 8.
O-O Nd7 9. Nd5 Bxd5 10. exd5 O-O 11. d4 exd4 12. Nxd4 Bxd4 13. Qxd4 Nf6 14. Qd2
Qd7 15. c4 Rae8 16. Rfe1 Re5 17. Bd3 Rxe1+ 18. Rxe1 Re8 19. Kf1 h6 20. Qc2
Rxe1+ 21. Kxe1 Qe7+ 22. Qe2 Qxe2+ 23. Kxe2 a5 24. Ke3 Ng4+ 25. Kf4 Nxh2 26. Kg3
h5 27. Kxh2 g6 28. f4 f5 29. Kh3 Kf7 30. Kh4 Kf6 1/2-1/2

[Event "Tournoi Skype 018B"]
[Site "Skype"]
[Date "????.??.??"]
[Round "4.25"]
[White "Delmonte, Davide"]
[Black "Bacha, Mehdi"]
[Result "0-1"]
[WhiteElo "1233"]
[BlackElo "1000"]
[PlyCount "48"]

1. e4 e5 2. Nf3 d6 3. Bc4 Nf6 4. Ng5 Bg4 5. f3 Bh5 6. c3 Nc6 7. d4 b5 8. Bb3 h6
9. Bxf7+ Kd7 10. Ne6 Qe7 11. Nxf8+ Qxf8 12. dxe5 Qxf7 13. O-O Nxe5 14. Qd4 c5
15. Qd5 Nxd5 16. exd5 g5 17. Rd1 g4 18. fxg4 Bxg4 19. Rd2 a6 20. b4 c4 21. Na3
h5 22. Rd4 Qg7 23. Bf4 Bf3 24. Re1 Qxg2# 0-1

[Event "Tournoi Skype 018B"]
[Site "Skype"]
[Date "????.??.??"]
[Round "4.28"]
[White "Tu, Harrison"]
[Black "Douichi, Mohammed"]
[Result "0-1"]
[WhiteElo "1000"]
[BlackElo "1216"]
[PlyCount "24"]

1. e4 e5 2. Nf3 d6 3. d4 Nf6 4. dxe5 Nxe4 5. exd6 Bxd6 6. Bd3 Nf6 7. O-O Ng4 8.
Nd4 Bxh2+ 9. Kh1 Qxd4 10. Bb5+ Nc6 11. Nc3 Nxf2+ 12. Rxf2 Qxf2 0-1

[Event "Tournoi Skype 018B"]
[Site "Skype"]
[Date "????.??.??"]
[Round "4.29"]
[White "Marty, Yvette"]
[Black "Mimouni, Driss"]
[Result "0-1"]
[WhiteElo "1000"]
[BlackElo "1000"]
[PlyCount "64"]

1. e4 e5 2. Nh3 d6 3. Bc4 Nc6 4. Ng5 d5 5. Nxf7 Kxf7 6. Qf3+ Nf6 7. exd5 Nd4 8.
Qd3 b5 9. Bb3 Nxb3 10. axb3 e4 11. Qxb5 Bd7 12. Qe2 Nxd5 13. Qxe4 Bc6 14. c4
Be7 15. Qe2 Re8 16. O-O Nf4 17. Qg4 Bd6 18. Ra6 Bxg2 19. Qg3 Rb8 20. d3 Rxb3
21. Nd2 Rxd3 22. Qg4 Rh3 23. Ra3 Bxf1 24. Kxf1 Re2 25. Rxh3 Qa8 26. f3 Qe8 27.
Ne4 Nxh3 28. Qxh3 Bb4 29. Kxe2 Qe5 30. b3 Qa5 31. Qxh7 Qa1 32. Qxg7+ Qxg7 0-1

[Event "Tournoi Skype 018B"]
[Site "Skype"]
[Date "????.??.??"]
[Round "5.1"]
[White "Sauvaget, Joel"]
[Black "Karia, Kirti"]
[Result "1-0"]
[WhiteElo "1509"]
[BlackElo "1387"]
[PlyCount "39"]

1. d4 Nf6 2. c4 e5 3. dxe5 Ng4 4. Nf3 Bc5 5. e3 Nc6 6. Be2 Ngxe5 7. O-O O-O 8.
Nc3 Nxf3+ 9. Bxf3 Ne5 10. Qe2 Qh4 11. b3 Bd6 12. h3 Nxf3+ 13. Qxf3 Be5 14. Bb2
d6 15. Rad1 g5 16. g4 h5 17. Rd4 Bxd4 18. exd4 hxg4 19. hxg4 Qh2+ 20. Kxh2 1-0

[Event "Tournoi Skype 018B"]
[Site "Skype"]
[Date "????.??.??"]
[Round "5.2"]
[White "Sepulveda, Lyda Marcela"]
[Black "Briere, Jean"]
[Result "1-0"]
[WhiteElo "1375"]
[BlackElo "1556"]
[PlyCount "85"]

1. e4 e5 2. Nf3 Nc6 3. Bc4 Bc5 4. c3 Nf6 5. d4 exd4 6. cxd4 Bb4+ 7. Bd2 O-O 8.
a3 Ba5 9. e5 Ne4 10. Bxa5 Nxa5 11. Bd3 d5 12. exd6 Nxd6 13. O-O Bf5 14. Re1 Re8
15. Ne5 f6 16. Bxf5 Nxf5 17. Nf3 Rxe1+ 18. Qxe1 Nb3 19. Qe6+ Kf8 20. Qxb3 b6
21. Qd3 Qd7 22. Nc3 c6 23. Re1 Rd8 24. Re4 g6 25. b4 b5 26. Nh4 Nxh4 27. Rxh4
Re8 28. Ne4 f5 29. Nd2 Re5 30. Nf3 Re6 31. Kf1 Kg7 32. Ng5 Re7 33. Rxh7+ Kf8
34. Rxe7 Qxe7 35. Nf3 Kg7 36. Ne5 Qc7 37. Qg3 Qd6 38. Qc3 Kf6 39. h3 Ke7 40.
Nxc6+ Kd7 41. Ne5+ Ke7 42. Ke2 Kf6 43. g4 1-0

[Event "Tournoi Skype 018B"]
[Site "Skype"]
[Date "????.??.??"]
[Round "5.3"]
[White "Galani, Mahendra"]
[Black "De Nobrega, George"]
[Result "0-1"]
[WhiteElo "1419"]
[BlackElo "1458"]
[PlyCount "64"]

1. e4 e5 2. Bc4 Nf6 3. d3 d5 4. exd5 Nxd5 5. Qf3 Nf6 6. Nh3 h6 7. Bb5+ Bd7 8.
Bxd7+ Qxd7 9. Qxb7 Qc6 10. Qxc6+ Nxc6 11. Nd2 Nd4 12. O-O Nxc2 13. Rb1 Bd6 14.
Nc4 Rd8 15. Bd2 O-O 16. Rbc1 Nd4 17. Ba5 Ne2+ 18. Kh1 Nxc1 19. Rxc1 Rd7 20.
Nxd6 cxd6 21. g3 Re8 22. Ng1 e4 23. dxe4 Nxe4 24. Kg2 d5 25. Nf3 d4 26. Re1 Re6
27. Rd1 d3 28. a3 Ng5 29. Nd2 Ne4 30. Nb3 Rc6 31. f3 Rc2+ 32. Kh3 Nf2+ 0-1

[Event "Tournoi Skype 018B"]
[Site "Skype"]
[Date "????.??.??"]
[Round "5.4"]
[White "Martin, Jean-Claude"]
[Black "Salazar Ticeran, Antonio"]
[Result "1/2-1/2"]
[WhiteElo "1440"]
[BlackElo "1526"]
[PlyCount "99"]

1. d4 Nf6 2. c4 g6 3. Nc3 Bg7 4. Bf4 O-O 5. e4 d6 6. Nf3 Bg4 7. Be2 Nh5 8. Be3
Nd7 9. h3 Bxf3 10. Bxf3 Nhf6 11. O-O e5 12. d5 b6 13. Bg5 Nc5 14. b4 Nb7 15. a3
a5 16. Rb1 axb4 17. axb4 h6 18. Bxf6 Bxf6 19. Ra1 Bg5 20. Rxa8 Qxa8 21. Qa1
Qxa1 22. Rxa1 Bd2 23. Nb5 Bxb4 24. Nxc7 Rc8 25. Ra8 Rxa8 26. Nxa8 Bc5 27. Be2
Na5 28. Nc7 Nb3 29. Na6 Nc1 30. Nxc5 Nxe2+ 31. Kf1 Nf4 32. Nd7 Nd3 33. Nxb6 Nb2
34. Ke2 f5 35. f3 Kf7 36. Kf2 Ke7 37. Ke2 fxe4 38. fxe4 Kd8 39. Kd2 Kc7 40. Kc2
Kxb6 41. Kxb2 Kc5 42. Kc3 g5 43. g3 Kb6 44. Kb4 h5 45. c5+ dxc5+ 46. Kc4 g4 47.
hxg4 hxg4 48. d6 Kc6 49. d7 Kxd7 50. Kxc5 1/2-1/2

[Event "Tournoi Skype 018B"]
[Site "Skype"]
[Date "????.??.??"]
[Round "5.5"]
[White "Mordaa, Ahmad"]
[Black "Sahrane, Juba"]
[Result "1-0"]
[WhiteElo "1440"]
[BlackElo "1476"]
[PlyCount "141"]

1. e4 e5 2. Nf3 Nf6 3. d3 Nc6 4. h3 Be7 5. Be3 d6 6. Nbd2 Be6 7. Be2 O-O 8. O-O
Re8 9. Ng5 Bd7 10. Ngf3 d5 11. c3 dxe4 12. dxe4 h6 13. Bc4 Bd6 14. a3 a6 15. a4
Nb8 16. Qb3 Rf8 17. Rfd1 Bc6 18. Qc2 Qe7 19. b4 Nbd7 20. b5 axb5 21. axb5 Bxb5
22. Bxb5 Bc5 23. Bxc5 Nxc5 24. Bc4 c6 25. Ne1 Rad8 26. Ra7 Nfxe4 27. Nxe4 Rxd1
28. Qxd1 Nxe4 29. Qd3 Qc5 30. Bxf7+ Rxf7 31. Ra8+ Kh7 32. Qxe4+ g6 33. Nf3 Qxc3
34. Re8 Qc1+ 35. Kh2 Qf4+ 36. Qxf4 exf4 37. Ne5 Rc7 38. Rb8 b5 39. Nd3 Rd7 40.
Ne5 Rd6 41. Rb7+ Kg8 42. h4 g5 43. hxg5 hxg5 44. Rb8+ Kg7 45. Nf3 Kf6 46. Rf8+
Kg7 47. Rf5 b4 48. Rxg5+ Rg6 49. Rc5 b3 50. Nd2 b2 51. Rc2 Re6 52. Rxb2 Re2 53.
Kg1 c5 54. Kf1 Re5 55. Rc2 Kf6 56. Nb3 Kf5 57. Nxc5 Kg4 58. Nd3 Rd5 59. Ne1 Rd4
60. g3 f3 61. Rc6 Rd1 62. Rg6+ Kf5 63. Rh6 Kg4 64. Rh4+ Kg5 65. Re4 Kf5 66.
Rf4+ Kg5 67. Rxf3 Kg4 68. Rf4+ Kh5 69. Ke2 Rd6 70. Nf3 Rg6 71. Rh4# 1-0

[Event "Tournoi Skype 018B"]
[Site "Skype"]
[Date "????.??.??"]
[Round "5.6"]
[White "Hernandez, George"]
[Black "Perrone, Gabriel Lorenzo"]
[Result "0-1"]
[WhiteElo "1440"]
[BlackElo "1390"]
[PlyCount "74"]

1. d4 d5 2. e4 dxe4 3. f3 Nf6 4. Nc3 Bf5 5. Bg5 e6 6. fxe4 Bg6 7. e5 h6 8. Bh4
Bh5 9. Qd2 g5 10. Bg3 Nfd7 11. Be2 Bg6 12. O-O-O Nc6 13. Nf3 Nb6 14. h4 g4 15.
Nh2 h5 16. Bf4 Nb4 17. Bg5 Be7 18. Kb1 Bxc2+ 19. Ka1 Bxd1 20. Bxd1 Qd7 21. Bxe7
Qxe7 22. Na4 N4d5 23. g3 O-O-O 24. Nxb6+ Nxb6 25. Qa5 Kb8 26. Qc3 Nd5 27. Qa5
Qb4 28. Qa4 Qxa4 29. Bxa4 Nb6 30. Bb3 Rxd4 31. Nf1 Re4 32. Nd2 Rxe5 33. Rc1 Rd8
34. Nc4 Rc5 35. a3 Nxc4 36. Bxc4 b5 37. b4 Rxc4 0-1

[Event "Tournoi Skype 018B"]
[Site "Skype"]
[Date "????.??.??"]
[Round "5.7"]
[White "Ramirez Reina, Orlando"]
[Black "Porcabeuf, Jean-Marc"]
[Result "0-1"]
[WhiteElo "1410"]
[BlackElo "1380"]
[PlyCount "72"]

1. e4 e6 2. d4 d5 3. e5 c5 4. c3 Ne7 5. Bb5+ Bd7 6. Bxd7+ Nxd7 7. Ne2 Ng6 8.
O-O Be7 9. Nd2 O-O 10. Qb3 Qc7 11. f4 f6 12. Nf3 fxe5 13. fxe5 Nb6 14. Bg5 c4
15. Qc2 Bxg5 16. Nxg5 Rxf1+ 17. Rxf1 Qe7 18. Qd2 Nd7 19. Rf7 Qe8 20. Ng3 Ndf8
21. Qf2 h6 22. Nxe6 Nxe6 23. Rxb7 Ngf4 24. Nf5 Qh5 25. Nd6 Kh7 26. Qf3 Qh4 27.
g3 Qg5 28. h4 Qg6 29. Kh2 Rf8 30. gxf4 Rxf4 31. Qg3 Qc2+ 32. Kh3 Qd1 33. Kh2
Qe2+ 34. Kh3 Qf1+ 35. Kh2 Rf2+ 36. Qg2 Qxg2# 0-1

[Event "Tournoi Skype 018B"]
[Site "Skype"]
[Date "????.??.??"]
[Round "5.9"]
[White "Kruzeniski, Randy"]
[Black "Dubois, Real"]
[Result "1-0"]
[WhiteElo "1409"]
[BlackElo "1409"]
[PlyCount "55"]

1. d4 d5 2. Nf3 e6 3. e3 Nf6 4. Bd3 Be7 5. O-O O-O 6. c4 dxc4 7. Bxc4 c6 8. Nc3
Nd5 9. a3 Nd7 10. Bd2 N7f6 11. Qc2 c5 12. dxc5 Bd7 13. b4 a6 14. Nxd5 exd5 15.
Bd3 Bc6 16. Ne5 Rc8 17. Nxc6 bxc6 18. Bxa6 Rc7 19. Bc3 Ne4 20. Bb2 Bf6 21. Bd3
Bxb2 22. Qxb2 Nf6 23. a4 Re8 24. b5 cxb5 25. Bxb5 Ree7 26. c6 Ne4 27. Rfd1 Re5
28. Qxe5 1-0

[Event "Tournoi Skype 018B"]
[Site "Skype"]
[Date "????.??.??"]
[Round "5.10"]
[White "Battaglia, Gabriele"]
[Black "Sommadossi, Roberto"]
[Result "0-1"]
[WhiteElo "1326"]
[BlackElo "1378"]
[PlyCount "58"]

1. e4 e5 2. Nf3 Nc6 3. d3 h6 4. Nc3 Nf6 5. h3 Bb4 6. Bd2 O-O 7. Qe2 d6 8. O-O-O
Be6 9. a3 Bc5 10. g4 Nd4 11. Nxd4 exd4 12. Na4 b5 13. Nxc5 dxc5 14. f4 Nh7 15.
g5 hxg5 16. fxg5 Nxg5 17. Qg2 Qf6 18. Bxg5 Qg6 19. e5 Qf5 20. Qg3 Ba2 21. h4 b4
22. h5 Qh7 23. Bf6 Qh6+ 24. Rd2 bxa3 25. b3 Rab8 26. Bg2 Bxb3 27. cxb3 Rxb3 28.
Kc2 Rb2+ 29. Kc1 Qxd2# 0-1

[Event "Tournoi Skype 018B"]
[Site "Skype"]
[Date "????.??.??"]
[Round "5.11"]
[White "Felippe E Silva, Glenda"]
[Black "Vincent, Andre"]
[Result "0-1"]
[WhiteElo "1269"]
[BlackElo "1326"]
[PlyCount "86"]

1. d4 Nf6 2. Nf3 d5 3. Bf4 g6 4. e3 Bg7 5. Nbd2 e6 6. Bd3 Nbd7 7. O-O O-O 8. c3
c6 9. Re1 Nb6 10. e4 dxe4 11. Nxe4 Nxe4 12. Bxe4 h6 13. h3 Re8 14. Ne5 Bxe5 15.
Bxe5 Nc4 16. Qc2 Nxe5 17. dxe5 Kh7 18. Rad1 Qc7 19. f4 b5 20. g4 Bb7 21. Qh2
Rad8 22. h4 Rxd1 23. Rxd1 Rd8 24. Rxd8 Qxd8 25. h5 Qd1+ 26. Kf2 Qd2+ 27. Kg3
Qe3+ 28. Bf3 g5 29. Qc2+ Kg7 30. Qe4 gxf4+ 31. Qxf4 Qe1+ 32. Kg2 Qh4 33. Qf6+
Qxf6 34. exf6+ Kxf6 35. Kg3 Kg5 36. b3 a5 37. a3 f5 38. b4 a4 39. Be2 f4+ 40.
Kf3 c5+ 41. Kf2 c4 42. Bf3 Bxf3 43. Kxf3 e5 0-1

[Event "Tournoi Skype 018B"]
[Site "Skype"]
[Date "????.??.??"]
[Round "5.12"]
[White "Khatanhar, Mohit"]
[Black "Lecluyse, Koenraad"]
[Result "1-0"]
[WhiteElo "1368"]
[BlackElo "1265"]
[PlyCount "81"]

1. e4 e5 2. Nf3 Nc6 3. Be2 Nf6 4. d3 d6 5. h3 Be7 6. Be3 O-O 7. Nbd2 Be6 8. O-O
d5 9. exd5 Bxd5 10. a3 a5 11. Nh2 Be6 12. Bg4 Bd6 13. Bxe6 fxe6 14. Ng4 Nxg4
15. Qxg4 Qe7 16. f4 exf4 17. Bxf4 Bxf4 18. Rxf4 Rxf4 19. Qxf4 Rf8 20. Qg3 Nd4
21. Kh1 Ne2 22. Qe3 Nf4 23. Kg1 h6 24. Kh1 Qg5 25. Rg1 e5 26. Ne4 Qh5 27. Rf1
g5 28. g4 Qh4 29. Rf3 h5 30. Rg3 hxg4 31. Nf2 gxh3 32. Nxh3 Rf5 33. Kg1 g4 34.
Nf2 Nh5 35. Rxg4+ Qxg4+ 36. Nxg4 Nf4 37. Nxe5 Nh5 38. Qe4 Rf4 39. Qd5+ Kf8 40.
Qxa5 Ng3 41. Ng6+ 1-0

[Event "Tournoi Skype 018B"]
[Site "Skype"]
[Date "????.??.??"]
[Round "5.14"]
[White "Torres, Vicky"]
[Black "Kruk, Clementine"]
[Result "0-1"]
[WhiteElo "1365"]
[BlackElo "1264"]
[PlyCount "60"]

1. e4 e5 2. Nf3 Nc6 3. Bb5 Nf6 4. Nc3 Bc5 5. O-O a6 6. Bc4 d6 7. a4 Bg4 8. h3
Bh5 9. d3 h6 10. b3 Nd4 11. g4 Nxf3+ 12. Qxf3 Bg6 13. Be3 Bd4 14. Nd5 Bxa1 15.
Nxf6+ Qxf6 16. Qxf6 gxf6 17. Rxa1 O-O-O 18. Kg2 h5 19. g5 f5 20. b4 fxe4 21.
dxe4 Bxe4+ 22. f3 Bxc2 23. Bxf7 e4 24. Bxh5 Rxh5 25. f4 Kd7 26. Kg3 Rdh8 27. h4
Rxh4 28. g6 Rh3+ 29. Kf2 Rf3+ 30. Ke2 Rh2+ 0-1

[Event "Tournoi Skype 018B"]
[Site "Skype"]
[Date "????.??.??"]
[Round "5.15"]
[White "Marino, Giuseppe"]
[Black "Bustos, Ricardo"]
[Result "0-1"]
[WhiteElo "1353"]
[BlackElo "1240"]
[PlyCount "88"]

1. d4 d5 2. e3 Nf6 3. Bd3 c5 4. c3 Nc6 5. Nf3 Bg4 6. O-O e6 7. Re1 Be7 8. Nbd2
O-O 9. Qc2 c4 10. Be2 Bf5 11. Qd1 Bd6 12. b3 b5 13. Nh4 Qc7 14. g3 Nd7 15. Nxf5
exf5 16. Bf3 Ne7 17. bxc4 bxc4 18. Rb1 Rab8 19. Rxb8 Qxb8 20. Qa4 Nb6 21. Qb5
Qe8 22. Qxe8 Rxe8 23. h3 Na4 24. Nb1 Rb8 25. Ba3 Bxa3 26. Nxa3 Nxc3 27. Ra1 Rb2
28. g4 fxg4 29. hxg4 Rxa2 30. Rxa2 Nxa2 31. e4 dxe4 32. Bxe4 Nc3 33. Bb7 Ne2+
34. Kf1 Nxd4 35. Nxc4 Kf8 36. f3 g6 37. Kg2 f5 38. Ne3 fxg4 39. Nxg4 Nef5 40.
Bc8 a5 41. Ba6 a4 42. Bc4 a3 43. Nf2 Ne3+ 44. Kg3 Nxc4 0-1

[Event "Tournoi Skype 018B"]
[Site "Skype"]
[Date "????.??.??"]
[Round "5.16"]
[White "Homme, Jim"]
[Black "Ruiz Gomez, Luz Alba"]
[Result "1-0"]
[WhiteElo "1181"]
[BlackElo "1333"]
[PlyCount "45"]

1. d4 d5 2. Nf3 e6 3. Nbd2 Nf6 4. e3 Be7 5. Bd3 O-O 6. O-O Nbd7 7. Re1 c6 8. e4
dxe4 9. Nxe4 b5 10. Neg5 h6 11. Nh3 a5 12. Bxh6 Ng4 13. Bxg7 Kxg7 14. Nf4 Ndf6
15. Ne5 Bd7 16. Nxg4 Bd6 17. Nh3 e5 18. dxe5 Bxg4 19. exf6+ Qxf6 20. Qxg4+ Kh6
21. Rab1 Rg8 22. Qe4 Rae8 23. Qh7# 1-0

[Event "Tournoi Skype 018B"]
[Site "Skype"]
[Date "????.??.??"]
[Round "5.17"]
[White "Cengiz, Cem"]
[Black "Bhandari, Dattatrey"]
[Result "1-0"]
[WhiteElo "1325"]
[BlackElo "1218"]
[PlyCount "71"]

1. e4 c5 2. Nf3 d6 3. d4 Qc7 4. Bf4 g6 5. Bc4 e6 6. Nc3 a6 7. a4 b6 8. O-O Ne7
9. Re1 Bg7 10. Qd2 cxd4 11. e5 d5 12. Bb5+ Nbc6 13. Bxc6+ Nxc6 14. Ne2 O-O 15.
Nexd4 Bb7 16. Nxc6 Bxc6 17. Bh6 Rad8 18. Bxg7 Kxg7 19. Qf4 Qe7 20. Ng5 h6 21.
Qf6+ Qxf6 22. exf6+ Kg8 23. Nf3 Rfe8 24. Ne5 Bb7 25. Ng4 Kh7 26. Ne5 Rf8 27. h4
d4 28. g4 Rd5 29. f4 Bc8 30. Re2 Kg8 31. h5 Kh7 32. Rae1 b5 33. Rh2 Bd7 34. g5
Be8 35. gxh6 Kxh6 36. hxg6# 1-0

[Event "Tournoi Skype 018B"]
[Site "Skype"]
[Date "????.??.??"]
[Round "5.18"]
[White "Lemoine, Gerard"]
[Black "Amato, Ludovica"]
[Result "1/2-1/2"]
[WhiteElo "1323"]
[BlackElo "1192"]
[PlyCount "70"]

1. d4 d5 2. c4 e6 3. Nf3 Nf6 4. Bg5 Be7 5. e3 c6 6. Nc3 Nbd7 7. Bd3 O-O 8. O-O
b6 9. Qc2 g6 10. Ne5 Nxe5 11. dxe5 Ne4 12. Bxe7 Qxe7 13. Nxe4 dxe4 14. Bxe4 Bd7
15. Qa4 Qc5 16. Qc2 Qxe5 17. Rfd1 Rfd8 18. b4 Rac8 19. a4 a6 20. Bf3 b5 21. c5
Be8 22. a5 Qc7 23. Rd2 Rxd2 24. Qxd2 Rd8 25. Qc3 e5 26. Rd1 f6 27. g3 Rxd1+ 28.
Bxd1 Bf7 29. Bf3 Qd7 30. Kf1 Kf8 31. Ke1 Ke7 32. Qd2 Be6 33. Bg2 Bc4 34. Qc3
Bd5 35. f3 Ke8 1/2-1/2

[Event "Tournoi Skype 018B"]
[Site "Skype"]
[Date "????.??.??"]
[Round "5.19"]
[White "Milanese, Serge"]
[Black "Bouffard, Georges"]
[Result "1-0"]
[WhiteElo "1317"]
[BlackElo "1183"]
[PlyCount "87"]

1. e4 e5 2. Bc4 c6 3. Nc3 Nh6 4. h3 d6 5. d3 Qf6 6. Nf3 g6 7. Be3 Be6 8. Ng5
Bxc4 9. dxc4 Bg7 10. a4 Nd7 11. a5 a6 12. Qd2 O-O 13. Nf3 Rfd8 14. Bxh6 Bxh6
15. Qxh6 Qf4 16. Ng5 Nf6 17. O-O Qd2 18. Rac1 Qd4 19. c5 Qxc5 20. Rfd1 d5 21.
exd5 cxd5 22. Qh4 Kg7 23. Rd3 Qxa5 24. Rf3 h5 25. Nh7 Rd6 26. Nxf6 Qd8 27.
Ncxd5 Rxf6 28. Nxf6 Qh8 29. Re1 Qh6 30. Rxe5 Kf8 31. Nd7+ Kg8 32. Re7 Qg7 33.
Rexf7 Qxb2 34. Rf8+ Rxf8 35. Rxf8+ Kg7 36. Qe7+ Kh6 37. Rf7 Qh8 38. Nf8 Qg8 39.
Rh7+ Qxh7 40. Qxh7+ Kg5 41. Qxg6+ Kf4 42. Qe6 Kg5 43. g3 h4 44. Qg6# 1-0